000 00573nam a2200229Ia 4500
003 OSt
005 20220924144304.0
006 a|||||r|||| 00| 0
007 ta
008 220923b |||||||| |||| 00| 0 urd d
024 _a313277
037 _cTextual
040 _aARTS
_cARTS
_burd
041 _2urd
_aurd
082 _aO168,1M72w, J0
100 _aFarooqi Zakir Hussain
245 0 _aDastan-e-Arzoo
260 _c1950
650 _aURDU POETRY
942 _hO168,1M72w, J0
_cTEXL
_2CC
999 _c456606
_d456606